| 000 | 00912nam a2200265Ia 4500 | ||
|---|---|---|---|
| 003 | OSt | ||
| 005 | 20221002044927.0 | ||
| 006 | a|||||r|||| 00| 0 | ||
| 007 | ta | ||
| 008 | 220930b |||||||| |||| 00| 0 eng d | ||
| 020 |
_a9780199389049 (pbk) _cUSD 90.00 |
||
| 024 | _a36597 | ||
| 037 |
_b111727, 02/02/2018, International Book Distributors _cReference Collections |
||
| 040 |
_aCRL _cCRL _beng |
||
| 041 |
_2eng _aeng |
||
| 082 | _aSN1:(X:8)g, Q2.1(RR) | ||
| 100 |
_aKozlowski Steve W.J. Ed. _9480027 |
||
| 245 | 0 | _aOxford handbook of organizational psychology | |
| 260 |
_aNew York _bOxford University Press _c2014 |
||
| 300 |
_axviii,1427p. _ccm. |
||
| 650 | _a PSYCHOLOGY | ||
| 650 | _aORGANIZATIONAL BEHAVIOUR | ||
| 942 |
_hSN1:(X:8)g, Q2.1(RR) _cref _2CC |
||
| 999 |
_c911417 _d911417 |
||